000 00695nam a2200169Ia 4500
008 090711s9999 xx 000 0 und d
082 _b33
100 _aकुलकर्णी दत्तात्रय मा.
245 _aमहाराष्ट्राSाी कुलस्वामिनी
260 _c1929
300 _a196
600 _aकुलकर्णी दत्तात्रय मा.
630 _aमहाराष्ट्राSाी कुलस्वामिनी
700 _aकुलकर्णी दत्तात्रय मा.
730 _aमहाराष्ट्राSाी कुलस्वामिनी
942 _cBOOK
999 _c283431
_d283431